000 00452nam a2200133Ia 4500
008 160809s9999 xx 000 0 und d
100 _aBello, Rafael.
245 _aCOQUEL : A Conceptual Query Language Based on the Entity Relationship Model
245 _cRafael Bello and Jorge Lloret.
260 _bComputer Science and Information Technology
260 _cMarch 2016
650 _xINFORMATION TECHNOLOGY
856 _uhttp://airccse.org/V6N51.html
999 _c300077
_d300077